000 00672nam a2200217 i 4500
001 22450
003 ES-MaACL
005 20240127062957.0
007 t|
008 021203s1945 it ||||1| ita d
080 _a821.131.1-13"12"
100 0 _aDante Alighieri,
_d1265-1321
_942657
245 1 3 _aLa divina commedia /
_cDante Alighieri ; commentata da Dino Provenzal.
250 _a2ยช ed.
260 _aItalia :
_bA. Mondadore,
_c1945 (
_fGraf. Veronesi)
300 _a3 v. ;
_c20 cm.
505 8 _aContiene: I. Inferno - II. Purgatorio - III. Paradiso
700 1 _aProvenzal, Dino.
_994063
852 _aES-MaACL
_jC-3957-59
999 _c22450
_d22450